| 000 | 03172nam0a2200469 4500 | ||
|---|---|---|---|
| 001 | RU\NLR\BIBL_A\011990346 | ||
| 005 | 20250809113133.0 | ||
| 020 |
_aRU _9Ленинград в Великой Отечественной войне. Коллекция. Афиши |
||
| 035 | _a(NLR Aleph) 011990346 | ||
| 090 |
_a11409 _c11409 |
||
| 100 | _a20190416d1944 u y0rusy50 ca | ||
| 101 | 0 | _arus | |
| 102 | _aRU | ||
| 105 | _ay z 000zy | ||
| 135 | _acrcn 024anaba | ||
| 200 | 1 |
_aИюнь 1944 г. [Репертуар _eафиша] _fУправление по делам искусств Исполкома Ленгорсовета, Зал камерных концертов |
|
| 210 |
_a[Ленинград] _cЛТ УН-9 _d1944 |
||
| 215 |
_a1 л. _d56х40 |
||
| 300 | _aНачало в 19 часов. Билеты продаются ежедневно в кассе зала от 11 до 19 ч. | ||
| 300 | _aЗак. 1551 | ||
| 325 | _aКопия доступна в Электрон. б-ке РНБ | ||
| 327 | _a24, суббота. Анна Каренина: композиция по роману Льва Толстого в 3-х действ., 10 картинах Н. М. Железновой. В главных ролях: Н. М. Железнова, Г. К. Кузнецов и И. П. Новский. Участвуют: Е. Г. Гаршина, А. С. Пикар, А. А. Толубеева и В. Королев. Чтец от автора - И. Н. Дымковская. 25, воскресенье. 1. Виц-мундир: водевиль в 1 действии П. Каратыгина; 2. Дядюшка на трех ногах: водевиль в 1 действии П. Каратыгина. Участвуют: А. А. Виноградов, Е. Г. Гаршина, А. К. де-Лазари [и др.]. Постановка О. А. Смирновой. Музык. сопровожд. О. А. Норейко | ||
| 606 | 1 |
_aТеатральная жизнь _yЛенинград, город _z1941 - 1944 _jАфиши _2nlr_sh2 _3RU\NLR\AUTH\6601649837 |
|
| 686 | _aЩ333(2Р=Рус)7-692Ленинград | ||
| 710 | 0 | 2 |
_aЗал камерных концертов _cЛенинград _3RU\NLR\AUTH\880495405 |
| 852 |
_aNLR _jЛ3-330а/12/2/1944-июнь а(3) |
||
| 856 | 0 | _uhttp://vivaldi.nlr.ru/la700000396/view | |
| 856 | 1 | _uhttp://vivaldi.nlr.ru/la700000396/cover | |
| 856 | 2 | _uhttp://vivaldi.nlr.ru/la700000396/text | |
| 942 | _cVISUAL | ||
| 945 | _aРоссийская национальная библиотека | ||
| 980 | _aNB | ||
| 980 | _aBV | ||
| 980 | 3 | _akplen | |
| 980 | 3 | _akp | |
| 981 | 3 | 7 |
_a(37) Ленинград в Великой Отечественной войне _b(37) Афиши блокадного Ленинграда |